El enfermo epiléptico : consejos para el enfermo, su familia, para profesores, educadores y asistentes sociales /

Obra en que se ofrece información detallada sobre la epilepsia, sus causas y manifestaciones en todas las edades, y presenta, con fundamentos clínicos, la esperanza de que se puede alcanzar una mejoría e incluso una curación total. El libro tiene como objetivo, al brindar información médica confiabl...

Бүрэн тодорхойлолт

-д хадгалсан:
Номзүйн дэлгэрэнгүй
Үндсэн зохиолч: Matthes, Ansgar (autor)
Бусад зохиолчид: Kruse, Rolf (autor) (autor)
Формат: Ном
Хэл сонгох:испани
Хэвлэсэн: Barcelona, España : Herder, 1998, c1998
Цуврал:(Resortes ; 15)
Нөхцлүүд:
Шошгууд: Шошго нэмэх
Шошго байхгүй, Энэхүү баримтыг шошголох эхний хүн болох!

MARC

LEADER 00000nam^a2200000^a^4500
001 000153061
005 20250521000000.0
009 20260310100305.678
020 |a 84-250-2070-9 
037 |a Acervo ITESO - Biblioteca 
041 |a ESP 
082 |a 616. 853  |b MAT 
100 |a Matthes, Ansgar  |e (autor) 
245 1 3 |a El enfermo epiléptico :  |b consejos para el enfermo, su familia, para profesores, educadores y asistentes sociales /  |c A. Matthes, R. Kruse ; tr. por Cristina Alberstadt. 
264 4 |a Barcelona, España :  |b Herder,  |c 1998, c1998 
300 |a 212 p. 
336 |a texto  |b txt  |2 rdacontenido 
337 |a sin mediación  |b n  |2 rdamedio 
338 |a volumen  |b nc  |2 rdasoporte 
440 1 |a (Resortes ;  |v 15) 
500 |a Traducción de: Der Epilepsiekranke 
520 |a Obra en que se ofrece información detallada sobre la epilepsia, sus causas y manifestaciones en todas las edades, y presenta, con fundamentos clínicos, la esperanza de que se puede alcanzar una mejoría e incluso una curación total. El libro tiene como objetivo, al brindar información médica confiable, combatir estereotipos y mitos sobre esta enfermedad. 
649 |a XX 
650 |a Epilepsia 
650 |a Cerebro -  |x Enfermedades 
650 |a Sistema Nervioso 
650 |a Electrofisiología 
650 |a Neuroanatomía 
650 |a Fisiología 
650 |a Medicina 
650 |a Ciencias Médicas 
700 |a Kruse, Rolf  |e (autor) 
910 |a Fondo General 
920 |a Impresos - Libros 
930 |a Colección General 
905 |a 101 
901 |a 0500081731  |b IT1  |c ACC  |u 20250521 
902 |a https://opac.biblio.iteso.mx/vufind/Record/000153061